Associe les artistes francophones avec leur titre de chanson VOL5 - Statistiques

Statistiques générales
  • Ce quiz a été pris 40 fois
  • Le résultat moyen est 10 sur 21
Statistiques - réponses
Hint Réponse % Correct
Yannick Noah Aux arbres citoyens
86%
Francis Cabrel La cabane du pêcheur
84%
Renaud Laisse béton
84%
BB Brunes Coups et Blessures
78%
Marc Lavoine Le parking des anges
76%
2be3 Partir un jour
76%
Shaka Ponk My name is Stain
65%
Alain Chamfort Manureva
62%
Clara Luciani Respire encore
54%
Maurane Sur un prélude de Bach
51%
Liane Foly Au fur et à mesure
49%
Adé Tout savoir
32%
L5 Une étincelle
32%
Charlotte Gainsbourg Deadly Valentine
30%
Priscilla Toujours pas d'amour
30%
Alizée J'en ai marre !
27%
Christine and the Queens La marcheuse
24%
Indochine Sanna sur la croix
22%
Superbus ça mousse
19%
Alonzo Ecailles de poisson
14%
Jeanne Added Mutate
14%
Aucun quiz correspondant
Distribution des résultats
% des personnes avec chaque résultat
Percentile par nombre de réponses
Votre historique - résultats
Vous n’avez pas pris ce quiz